000 00463nam a22001577a 4500
005 20250628125659.0
008 250628b |||||||| |||| 00| 0 eng d
020 _a9780802895516
050 _aBS1515
_b.3 YOU
100 _aYOUNG J. EDWARD
245 _aTHE BOOK OF ISAIAH;
_bTHE ENGLISH TEXT, WITH INTRODUCTION, EXPOSITION AND NOTES
250 _aVOL 1
260 _aMICHIGAN
_bW.B. EERDMANS PUBLIHING COMPANY
_cc1965
300 _axii, 534p
942 _2lcc
_cBK
_n0
999 _c6762
_d6762